The colonial and national formations of the National College of Arts, Lahore: circa 1870s to 1960, de-scripting the archive (Record no. 67209)

MARC details
000 -LEADER
fixed length control field 00531nam a22001697a 4500
005 - DATE AND TIME OF LATEST TRANSACTION
control field 20260413153750.0
008 - FIXED-LENGTH DATA ELEMENTS--GENERAL INFORMATION
fixed length control field 260413b |||||||| |||| 00| 0 eng d
020 ## - INTERNATIONAL STANDARD BOOK NUMBER
International Standard Book Number 9789697834716
040 ## - CATALOGING SOURCE
Transcribing agency PK-LaNCA
082 ## - DEWEY DECIMAL CLASSIFICATION NUMBER
Classification number 027
Item number NAD
100 ## - MAIN ENTRY--PERSONAL NAME
Author Name Nadeem Omar Tarar
245 ## - TITLE STATEMENT
Title The colonial and national formations of the National College of Arts, Lahore: circa 1870s to 1960, de-scripting the archive
260 ## - PUBLICATION, DISTRIBUTION, ETC.
Place of publication, distribution, etc. Folio Books
Name of publisher, distributor, etc. Lahore
Date of publication, distribution, etc. 2024
300 ## - PHYSICAL DESCRIPTION
Pages xiv, 238p.; ills
650 ## - SUBJECT ADDED ENTRY--TOPICAL TERM
Subject NCA - Archives, NCA - History
942 ## - ADDED ENTRY ELEMENTS (KOHA)
Koha item type Book
999 ## -
-- 67209
-- 67209
Holdings
Withdrawn status Weedout from Library Permanent Location Current Location Shelving location Date acquired Full call number Barcode Price effective from Koha item type
    NATIONAL COLLEGE OF ARTS, LAHORE - LIBRARY NATIONAL COLLEGE OF ARTS, LAHORE - LIBRARY General Section Library Basement 13/04/2026 027 NAD 38168 38168 13/04/2026 Book